00820nam a2200229Ia 450000500170000000800410001702000150005804100080007308200190008110000330010024500990013325000220023230000400025465000580029465000450035270000320039726400380042933600270046733700330049433800280052704000350055520220316235702.0121119s2001 sp a gr 000 0 spa  a84415130150 aspa04a005.432 bG17M1 aGarcía Núñez, Pablo J.10aMicrosoft windows XP bhome editioncPablo J. García Núñez y Julián Martínez Valero aPrimera edición a192 páginasbilustracionesc21 cm14aMicrosoft Windows XP (Programa para computador)2LEMB14aWindows (Programa para computador)2LEMB1 aMartínez Valero, Julián aMadrid bAnaya Multimediac[2001] atextobtxt2rdacontent asin mediaciónbn2rdamedia avolumenbnc2rdacarrier aCO-BoRNBPbspaerdacCO-BoRNBP